Gendai no Fuhō kōihō : hō no rinen to seikatsu sekai /

Saved in:
Bibliographic Details
Other Authors: Tanase, Takao.
Format: Book
Language:Japanese
Published: Tōkyō : Yūhikaku, 1994.
Edition:Shohan.
Subjects:
Tags: Add Tag
No Tags, Be the first to tag this record!
LEADER 01048cam a2200337 a 4500
001 007799573-2
005 20020531103421.0
008 990927s1994 ja b 00100 jpn
010 |a 94460982 /AJ 
020 |a 4641037922 :  |c Y2650 
035 0 |a ocm31939447 
035 1 |a MAHO99B748 
035 1 |z DCLP95B16 
040 |a DLC-R  |c DLC-R  |d MH-L 
043 |a a-ja--- 
050 0 0 |a K923  |b .G46 1994 
245 0 0 |6 880-01  |a Gendai no Fuhō kōihō :  |b hō no rinen to seikatsu sekai /  |c Tanase Takao hen. 
250 |6 880-02  |a Shohan. 
260 |6 880-03  |a Tōkyō :  |b Yūhikaku,  |c 1994. 
300 |a 7, 322 p. ;  |c 20 cm. 
504 |a Includes bibliographical references and index. 
650 0 |a Torts. 
650 0 |a Torts  |z Japan. 
650 0 |a Liability (Law) 
700 1 |6 880-04  |a Tanase, Takao. 
880 0 0 |6 245-01  |a 現代の不法行為法 :  |b 法の理念と生活世界 /  |c 棚瀬孝雄編. 
880 |6 250-02  |a 初版. 
880 |6 260-03  |a 東京 :  |b 有斐閣,  |c 1994. 
880 1 |6 700-04  |a 棚瀬孝雄. 
988 |a 20021101 
906 |0 RLIN